Pokémon - Pokédex National (1) - Statistiques

Statistiques générales
  • Ce quiz a été pris 37 fois
  • Le résultat moyen est 33 sur 60
Statistiques - réponses
Question Tuile Select % Correct
Qui est le № 0059 ? Non
86%
Qui est le № 0057 ? Non
86%
Qui est le № 0059 ? Non
71%
Qui est le № 0385 ? Non
71%
Qui est le № 0225 ? Non
69%
Qui est le № 0342 ? Non
69%
Qui est le № 0538 ? Non
69%
Qui est le № 0755 ? Non
69%
Qui est le № 0057 ? Oui
69%
Qui est le № 0925 ? Non
69%
Qui est le № 0225 ? Non
66%
Qui est le № 0412 ? Non
66%
Qui est le № 0538 ? Non
66%
Qui est le № 0057 ? Non
66%
Qui est le № 0196 ? Non
66%
Qui est le № 0431 ? Non
66%
Qui est le № 0701 ? Non
63%
Qui est le № 0901 ? Non
63%
Qui est le № 0982 ? Non
63%
Qui est le № 0196 ? Non
63%
Qui est le № 0701 ? Non
60%
Qui est le № 0755 ? Non
60%
Qui est le № 0385 ? Non
60%
Qui est le № 0552 ? Non
60%
Qui est le № 0718 ? Non
60%
Qui est le № 0780 ? Non
60%
Qui est le № 0869 ? Non
60%
Qui est le № 0059 ? Oui
57%
Qui est le № 0342 ? Non
57%
Qui est le № 0385 ? Oui
57%
Qui est le № 0903 ? Non
57%
Qui est le № 0412 ? Non
54%
Qui est le № 0982 ? Non
54%
Qui est le № 0718 ? Non
54%
Qui est le № 0538 ? Oui
51%
Qui est le № 0857 ? Non
51%
Qui est le № 0196 ? Oui
51%
Qui est le № 0431 ? Oui
51%
Qui est le № 0431 ? Non
51%
Qui est le № 0552 ? Non
51%
Qui est le № 0903 ? Non
51%
Qui est le № 0755 ? Oui
49%
Qui est le № 0857 ? Non
49%
Qui est le № 0225 ? Oui
46%
Qui est le № 0901 ? Non
46%
Qui est le № 0925 ? Oui
46%
Qui est le № 0982 ? Oui
43%
Qui est le № 0718 ? Oui
43%
Qui est le № 0925 ? Non
43%
Qui est le № 0342 ? Oui
40%
Qui est le № 0701 ? Oui
40%
Qui est le № 0552 ? Oui
40%
Qui est le № 0780 ? Non
40%
Qui est le № 0869 ? Non
40%
Qui est le № 0412 ? Oui
34%
Qui est le № 0901 ? Oui
34%
Qui est le № 0903 ? Oui
34%
Qui est le № 0780 ? Oui
29%
Qui est le № 0857 ? Oui
26%
Qui est le № 0869 ? Oui
26%
Aucun quiz correspondant
Distribution des résultats
% des personnes avec chaque résultat
Percentile par nombre de réponses
Votre historique - résultats
Vous n’avez pas pris ce quiz